Satras In Transition/ (Record no. 206321)

MARC details
000 -LEADER
fixed length control field 00659nam a22002057a 4500
005 - DATE AND TIME OF LATEST TRANSACTION
control field 20241011123732.0
010 ## - LCCN (DPL NO)
LC control number ENG-142060
020 ## - INTERNATIONAL STANDARD BOOK NUMBER
International Standard Book Number 9789354918896
Terms of availability 215.00
035 ## - SYSTEM CONTROL NUMBER
System control number EN-125592
037 ## - SOURCE OF ACQUISITION
Source of stock number/acquisition DBAD
082 ## - DEWEY DECIMAL CLASSIFICATION NUMBER
Classification number 345.5405
Edition number 1
100 ## - MAIN ENTRY--PERSONAL NAME
Personal name Hazarika, Namrata
245 ## - TITLE STATEMENT
Title Satras In Transition/
Statement of responsibility, etc By Namrata Hazarika
250 ## - EDITION STATEMENT
Edition statement 1
260 ## - PUBLICATION, DISTRIBUTION, ETC. (IMPRINT)
Place of publication, distribution, etc New Delhi
Name of publisher, distributor, etc National Book Trust, India
Date of publication, distribution, etc 2023
270 ## - ADDRESS
Address Nehru Bhawan, 5 Institutional Area, Phase-II Vasant Kunj
City New Delhi
Postal code 110070
300 ## - PHYSICAL DESCRIPTION
Extent 133p.
Dimensions 22cm(pb)
500 ## - GENERAL NOTE
General note Going Beyond Spirituality and Challenging British Rule
942 ## - ADDED ENTRY ELEMENTS (KOHA)
Source of classification or shelving scheme Dewey Decimal Classification
Item type English Books
Call number suffix HAZ
Classification part 345.5405
Holdings
Withdrawn status Lost status Not for loan Collection code Home library Current library Date acquired Source of acquisition Cost, normal purchase price Full call number Barcode Copy number Cost, replacement price Koha item type
    Not For Loan Non-fiction Bawana Bawana 11/10/2024 Delivery of Books Act Division 215.00 HAZ 345.5405 EN-125592 1 215.00 English Books

© Delhi Public Library
Hit Counter
free hit counter